LEADER 01072cam0-22003851i-450- 001 990006804420403321 005 20140326111506.0 010 $a88-204-8164-2 035 $a000680442 035 $aFED01000680442 035 $a(Aleph)000680442FED01 035 $a000680442 100 $a20010426d1994----km-y0itay50------ba 101 0 $aita 102 $aIT 105 $ay-------001yy 200 1 $a<>rapporto sulle regioni$fCINSEDO 210 $aMilano$cFrancoAngeli$d1994 215 $a976 p.$d22 cm 225 1 $aCINSEDO$fCentro interregionale studi e documentazione. Sez. Studi e ricerche$v8 610 0 $aRegione 676 $a353.9 676 $a342 710 02$aCentro interregionale studi e documentazione$0122801 801 0$aIT$bUNINA$gRICA$2UNIMARC 901 $aBK 912 $a990006804420403321 952 $aXIII A 6$b530$fDDCIC 952 $aCOLLEZ. 1571 (8)$b24739$fFSPBC 952 $aD-IX-36$b6718 dip.$fDDRC 959 $aFSPBC 959 $aDDRC 959 $aDDCIC 996 $aRapporto sulle Regioni$9444382 997 $aUNINA LEADER 01918nam 2200577 450 001 9910780616103321 005 20230421050129.0 010 $a0-19-976252-X 010 $a0-19-028222-3 010 $a1-280-60578-2 035 $a(CKB)2460000000006684 035 $a(SSID)ssj0000308407 035 $a(PQKBManifestationID)12096502 035 $a(PQKBTitleCode)TC0000308407 035 $a(PQKBWorkID)10258571 035 $a(PQKB)11462697 035 $a(MiAaPQ)EBC5763600 035 $a(MiAaPQ)EBC4963505 035 $a(Au-PeEL)EBL4963505 035 $a(CaONFJC)MIL60578 035 $a(OCoLC)1027156306 035 $a(EXLCZ)992460000000006684 100 $a20190527d1997 uy 0 101 0 $aeng 135 $aurcnu|||||||| 181 $ctxt 182 $cc 183 $acr 200 10$aRevolutionary citizens $eAfrican Americans, 1776-1804 /$fDaniel C. Littlefield 210 1$aNew York ;$aOxford :$cOxford University Press,$d[1997] 210 4$dİ1997 215 $a1 online resource (141 pages) $cillustrations 225 1 $aYoung Oxford history of African Americans ;$vVolume 3 300 $aBibliographic Level Mode of Issuance: Monograph 311 $a0-19-508715-1 330 $aChronicles the lives of African Americans during the Revolutionary War and the early years of the nation. 410 0$aYoung Oxford history of African Americans ;$vVolume 3. 606 $aAfrican Americans$xHistory$yTo 1863 607 $aUnited States$xHistory$yRevolution, 1775-1783$xAfrican Americans 607 $aUnited States$xHistory$y1783-1815 615 0$aAfrican Americans$xHistory 676 $a973/.0496073 s 676 $a973/.0496073 700 $aLittlefield$b Daniel C.$01469641 801 0$bMiAaPQ 801 1$bMiAaPQ 801 2$bMiAaPQ 906 $aBOOK 912 $a9910780616103321 996 $aRevolutionary citizens$93681171 997 $aUNINA